000
00280nam a22001217a 4500
008
181015b xxu||||| |||| 00| 0 eng d
041
_a
eng
080
_a
591
100
_a
7
101
_a
ZOO
245
_a
The use of drugs in food Animal Medicine
_c
Powers,J,D
942
_2
udc
_c
BK
999
_c
49651
_d
49651